| 000 | 00677nam a2200253Ia 4500 | ||
|---|---|---|---|
| 001 | 8582 | ||
| 005 | 20240113234121.0 | ||
| 007 | ta | ||
| 008 | 050720s2002 a g b000 u eng u | ||
| 020 | _a81-85733-37-6 | ||
| 040 | _aCotton College,Assam | ||
| 041 | _aeng | ||
| 082 |
_a371.3 _bYa 11 Di |
||
| 100 | _aYadav, RNS . | ||
| 245 | 0 |
_aDistance Education: Theory and Practice / _cRNS Yadav. _hTextual Documents |
|
| 250 | _a1st ed. / | ||
| 260 |
_aChandigarh : _bAbhishek Publications , _c2002. |
||
| 300 |
_a314p. : _bill. ; _c22cm . |
||
| 653 | _aEducation | ||
| 653 | _aDistance Education | ||
| 942 |
_2ddc _cBK |
||
| 999 |
_c8569 _d8569 |
||